[Event "Ïåðâåíñòâî Ìîñêâû ïî øàõìàòàì"]
[Site "Ìîñêâà, ÌÃÈÌÎ ïð. Âåðíàäñêîãî,"]
[Date "2018.11.22"]
[Round "6.16"]
[White "Shadyev, Damir"]
[Black "Tetyuev, Stepan"]
[Result "1-0"]
[WhiteElo "1250"]
[BlackElo "1431"]
[PlyCount "57"]
[EventDate "2018.11.18"]

1. e4 c5 2. Nf3 e6 3. d4 cxd4 4. Nxd4 a6 5. Bd3 Qc7 6. O-O Nc6 7. Nxc6 dxc6 8.
Qe2 Nf6 9. c4 Bd6 10. f4 e5 11. f5 O-O 12. Nc3 b6 13. Bg5 Qe7 14. Kh1 Qd8 15.
Nd1 Be7 16. Ne3 Nd7 17. Bxe7 Qxe7 18. Rf3 Nc5 19. Bc2 Rd8 20. Rg3 f6 21. Qh5
Qf7 22. Qh4 Nd3 23. Ng4 Qxc4 24. Nxf6+ Kf8 25. Nxh7+ Ke8 26. Rxg7 Rd7 27. Nf6+
Kd8 28. Nd5+ Ke8 29. Qh8# 1-0

[Event "Ïåðâåíñòâî Ìîñêâû ïî øàõìàòàì"]
[Site "Ìîñêâà, ÌÃÈÌÎ ïð. Âåðíàäñêîãî,"]
[Date "2018.11.22"]
[Round "6.17"]
[White "Urusov, German"]
[Black "Safinov, Artem"]
[Result "0-1"]
[WhiteElo "1331"]
[BlackElo "1452"]
[PlyCount "110"]
[EventDate "2018.11.18"]

1. d4 d5 2. c4 c6 3. cxd5 cxd5 4. Nf3 Nf6 5. Nc3 Nc6 6. Bf4 Bf5 7. e3 e6 8. Qb3
Qb6 9. Qxb6 axb6 10. a3 Be7 11. Bb5 O-O 12. O-O Rfc8 13. Rac1 Nh5 14. Be5 f6
15. Bg3 Nxg3 16. hxg3 g5 17. Na4 Bd8 18. Nd2 Bg6 19. g4 Be8 20. g3 Kf8 21. Kg2
Ne7 22. Rxc8 Nxc8 23. Bxe8 Kxe8 24. Nc3 Kf7 25. f4 gxf4 26. gxf4 Nd6 27. Kf3
Be7 28. Rh1 Rh8 29. Rh5 f5 30. g5 Bf8 31. Na4 Nc8 32. Rh1 b5 33. Nc5 Bxc5 34.
dxc5 Ne7 35. Nb3 Nc6 36. Nd4 Nxd4+ 37. exd4 h5 38. gxh6 Kg6 39. b3 Kh7 40. Rg1
Rb8 41. Rg7+ Kxh6 42. Re7 Kh5 43. Rxe6 Ra8 44. Rb6 Rxa3 45. Rxb5 Ra7 46. Rb6
Ra1 47. Rxb7 Rf1+ 48. Kg3 Rd1 49. c6 Rd3+ 50. Kf2 Rc3 51. c7 Kg4 52. b4 Kxf4
53. b5 Rc2+ 54. Ke1 Ke3 55. b6 Rc1# 0-1

[Event "Ïåðâåíñòâî Ìîñêâû ïî øàõìàòàì"]
[Site "Ìîñêâà, ÌÃÈÌÎ ïð. Âåðíàäñêîãî,"]
[Date "2018.11.22"]
[Round "6.19"]
[White "Razhbadinov, Rasul"]
[Black "Samarov, Vladimir"]
[Result "1-0"]
[WhiteElo "1529"]
[BlackElo "1272"]
[PlyCount "69"]
[EventDate "2018.11.18"]

1. e4 c5 2. Nf3 Nc6 3. d4 cxd4 4. Nxd4 e5 5. Nb5 d6 6. N1c3 a6 7. Na3 b5 8. Nd5
Nf6 9. Bg5 Qa5+ 10. c3 Nxe4 11. Be3 Rb8 12. Nc2 Qd8 13. Qf3 f5 14. Bd3 Ng5 15.
Bxg5 Qxg5 16. Nf6+ Qxf6 17. Qxc6+ Bd7 18. Qxa6 Be7 19. Nb4 O-O 20. Nd5 Qf7 21.
Nxe7+ Qxe7 22. Qa3 Kh8 23. O-O Be6 24. b3 f4 25. Be4 f3 26. Rad1 b4 27. Qc1 Qh4
28. Qe3 d5 29. Bxf3 Rxf3 30. gxf3 Bh3 31. Qxe5 Rf8 32. Rfe1 h6 33. Qg3 Qh5 34.
Re5 Bf5 35. cxb4 1-0

[Event "Ïåðâåíñòâî Ìîñêâû ïî øàõìàòàì"]
[Site "Ìîñêâà, ÌÃÈÌÎ ïð. Âåðíàäñêîãî,"]
[Date "2018.11.22"]
[Round "6.20"]
[White "Iakushkov, Pavel"]
[Black "Sarkisyan, Sarkis"]
[Result "0-1"]
[WhiteElo "1656"]
[BlackElo "1327"]
[PlyCount "62"]
[EventDate "2018.11.18"]

1. d4 f5 2. g3 e6 3. Bg2 Nf6 4. Nf3 Be7 5. O-O O-O 6. c4 d6 7. Nc3 Qe8 8. Qc2
Nc6 9. e4 Qh5 10. exf5 exf5 11. Re1 Re8 12. d5 Ne5 13. Nxe5 dxe5 14. Qd1 Qxd1
15. Rxd1 Bc5 16. h3 Bd7 17. a3 a5 18. b3 e4 19. Bb2 e3 20. Kf1 exf2 21. Rd3 Re7
22. Ne2 Rae8 23. Bf3 f4 24. g4 Ne4 25. Kg2 Ng5 26. Nd4 Nxf3 27. Rxf3 Re4 28.
Rd3 Re3 29. Rad1 Re1 30. Kxf2 R1e2+ 31. Kf3 Rxb2 0-1

[Event "Ïåðâåíñòâî Ìîñêâû ïî øàõìàòàì"]
[Site "Ìîñêâà, ÌÃÈÌÎ ïð. Âåðíàäñêîãî,"]
[Date "2018.11.22"]
[Round "6.21"]
[White "Panichkin, Aleksey"]
[Black "Kondrashev, Kirill"]
[Result "1-0"]
[WhiteElo "1233"]
[BlackElo "1523"]
[PlyCount "53"]
[EventDate "2018.11.18"]

1. e4 c5 2. Nf3 Nc6 3. d4 cxd4 4. Nxd4 e5 5. Nb3 Nf6 6. Nc3 Bb4 7. Bd3 O-O 8.
O-O d6 9. Nd5 Nxd5 10. exd5 Ne7 11. c4 Ng6 12. Qc2 f5 13. a3 Ba5 14. Nxa5 Qxa5
15. b4 Qd8 16. c5 e4 17. Bc4 Ne5 18. Bf4 Nf7 19. h3 a5 20. c6 bxc6 21. dxc6 Qe7
22. b5 Qc7 23. Rfd1 Kh8 24. Bxf7 Rxf7 25. Bxd6 Qa7 26. Bc5 Qc7 27. b6 1-0

[Event "Ïåðâåíñòâî Ìîñêâû ïî øàõìàòàì"]
[Site "Ìîñêâà, ÌÃÈÌÎ ïð. Âåðíàäñêîãî,"]
[Date "2018.11.22"]
[Round "6.22"]
[White "Kotelnikov, Konstantin"]
[Black "Mishin, Matvey"]
[Result "0-1"]
[WhiteElo "1370"]
[BlackElo "1319"]
[PlyCount "82"]
[EventDate "2018.11.18"]

1. e4 e5 2. Nf3 Nc6 3. Bc4 Bc5 4. O-O Nf6 5. d4 Bxd4 6. Nxd4 Nxd4 7. Nc3 h6 8.
Be3 Nc6 9. f4 d6 10. f5 Ne7 11. Nd5 Nexd5 12. Bxd5 O-O 13. Qf3 Nxd5 14. exd5
Qf6 15. Qe4 Bd7 16. Rf3 c6 17. c4 cxd5 18. cxd5 Rfc8 19. Raf1 b6 20. g4 Bb5 21.
g5 hxg5 22. Rg3 Rc4 23. Qf3 Rf4 24. Bxf4 exf4 25. Rg2 Bxf1 26. Kxf1 Qxf5 27.
Qc3 Rc8 28. Qe1 Qd3+ 29. Kg1 Qe3+ 30. Qxe3 fxe3 31. Re2 Re8 32. Kg2 f5 33. Kf3
Kf7 34. Kg2 f4 35. Kf3 Re5 36. h4 Kf6 37. hxg5+ Kxg5 38. Rg2+ Kf6 39. Re2 Kf5
40. Rh2 e2 41. Rh5+ g5 0-1

[Event "Ïåðâåíñòâî Ìîñêâû ïî øàõìàòàì"]
[Site "Ìîñêâà, ÌÃÈÌÎ ïð. Âåðíàäñêîãî,"]
[Date "2018.11.23"]
[Round "7.1"]
[White "Korolev, Kirill O"]
[Black "Kolesov, Gordey"]
[Result "0-1"]
[WhiteElo "1505"]
[BlackElo "1823"]
[PlyCount "126"]
[EventDate "2018.11.18"]

1. d4 Nf6 2. Bf4 c5 3. e3 Nd5 4. Bxb8 Rxb8 5. Bc4 Nf6 6. dxc5 Qa5+ 7. Nd2 Qxc5
8. Ngf3 g6 9. O-O Bg7 10. c3 O-O 11. a4 d6 12. h3 b6 13. Qe2 Bb7 14. Ba6 Ba8
15. Nb3 Qc7 16. Nbd4 Bb7 17. Bd3 Qd8 18. Nb5 a6 19. Na3 Ra8 20. Rfd1 Ne4 21.
Nd2 Nc5 22. Bc2 Qc7 23. Nf3 Rfc8 24. Nd4 Qd7 25. Nc4 Qc7 26. Nd2 Bf6 27. N2b3
Bd5 28. Nd2 Bg7 29. N4f3 Qb7 30. e4 Bc6 31. Re1 b5 32. axb5 axb5 33. Nd4 Bd7
34. b4 Ne6 35. Qd3 Nxd4 36. cxd4 Bxd4 37. Rxa8 Qxa8 38. Qxd4 Rxc2 39. Ra1 Qc8
40. Nf3 Rc4 41. Qd2 Bc6 42. Re1 Rxe4 43. Rxe4 Bxe4 44. Nd4 Qb7 45. f3 Bd5 46.
Kh2 Bc4 47. Qe3 Qc7 48. Ne2 Bxe2 49. Qxe2 d5+ 50. Kh1 Qc1+ 51. Kh2 Qf4+ 52. Kh1
Qxb4 53. Qe5 Qd6 54. Qc3 d4 55. Qc8+ Kg7 56. h4 d3 57. h5 gxh5 58. Qf5 d2 59.
Qg5+ Kf8 60. f4 d1=Q+ 61. Kh2 Q1d2 62. Kh3 Q2xf4 63. Qxh5 Qg3# 0-1

[Event "Ïåðâåíñòâî Ìîñêâû ïî øàõìàòàì"]
[Site "Ìîñêâà, ÌÃÈÌÎ ïð. Âåðíàäñêîãî,"]
[Date "2018.11.23"]
[Round "7.2"]
[White "Pugach, Gleb"]
[Black "Krivenko, Dmitry"]
[Result "0-1"]
[WhiteElo "1548"]
[BlackElo "1887"]
[PlyCount "140"]
[EventDate "2018.11.18"]

1. e4 e5 2. Nf3 Nc6 3. Bb5 g6 4. Nc3 Bg7 5. d3 Nge7 6. Be3 h6 7. Qd2 a6 8. Ba4
d6 9. d4 b5 10. Bb3 exd4 11. Nxd4 Ne5 12. Nd5 c5 13. Nf3 c4 14. Bb6 Qd7 15.
Nc7+ Kf8 16. Nxe5 Bxe5 17. Nxa8 Qc6 18. O-O Bb7 19. f3 Bxa8 20. Bd4 Kg7 21.
Rfd1 Rc8 22. Rac1 Qc7 23. c3 cxb3 24. axb3 d5 25. exd5 Bxd5 26. Re1 Bxd4+ 27.
Qxd4+ Kg8 28. c4 bxc4 29. bxc4 Be6 30. b3 Qc5 31. Rcd1 Qxd4+ 32. Rxd4 Rb8 33.
Rd3 Nc6 34. Rd6 Nb4 35. c5 Rc8 36. Re4 a5 37. Re1 Rxc5 38. Rb1 Kg7 39. Rd2 Rc3
40. Rdb2 Kf6 41. Ra1 Rc5 42. Kf1 h5 43. Ke2 Nc6 44. Ra3 Ke5 45. Ke3 g5 46. Kd3
Nb4+ 47. Ke2 Nc2 48. Ra4 Nd4+ 49. Kd3 Nxb3 50. Re4+ Kf5 51. g4+ Kf6 52. Rxe6+
fxe6 53. Rxb3 h4 54. Rb2 Ke5 55. Ra2 Kf4 56. Ke2 Rc4 57. Kf2 a4 58. Re2 a3 59.
Rxe6 Rc2+ 60. Kg1 Kxf3 61. h3 Rc3 62. Re1 Kg3 63. Rf1 Kxh3 64. Kh1 Kxg4 65.
Rg1+ Rg3 66. Rf1 a2 67. Kh2 Ra3 68. Rg1+ Kh5 69. Rg2 a1=Q 70. Rg1 Ra2+ 0-1

[Event "Ïåðâåíñòâî Ìîñêâû ïî øàõìàòàì"]
[Site "Ìîñêâà, ÌÃÈÌÎ ïð. Âåðíàäñêîãî,"]
[Date "2018.11.23"]
[Round "7.3"]
[White "Osipenko, Ivan"]
[Black "Godzhurov, Lidzhi"]
[Result "1-0"]
[WhiteElo "1638"]
[BlackElo "1790"]
[PlyCount "117"]
[EventDate "2018.11.18"]

1. d4 Nf6 2. Nf3 g6 3. Nc3 d5 4. Bf4 Bg7 5. e3 O-O 6. Be2 c5 7. O-O Nc6 8. Ne5
Bf5 9. dxc5 Rc8 10. Bd3 Bxd3 11. Nxd3 Nh5 12. Qd2 e5 13. Bg3 Nxg3 14. hxg3 Na5
15. Na4 Nc4 16. Qb4 Qc7 17. Rad1 Rfd8 18. b3 Na5 19. Nc1 Bf8 20. Qb5 Nc6 21. b4
d4 22. e4 a6 23. Qc4 Ne7 24. Qb3 Qc6 25. Nb6 Rb8 26. Nd3 Bg7 27. Nb2 Qxe4 28.
N2c4 Qf5 29. Nd6 Qe6 30. Qxe6 fxe6 31. a4 Nd5 32. Nxd5 exd5 33. f4 e4 34. f5 e3
35. Rd3 Be5 36. fxg6 hxg6 37. Nf7 e2 38. Nxe5 exf1=Q+ 39. Kxf1 Rf8+ 40. Kg1
Rbe8 41. Nxg6 Re1+ 42. Kh2 Rff1 43. Kh3 Re4 44. Nf4 Rfe1 45. b5 axb5 46. axb5
R1e3 47. Nxd5 Rxd3 48. cxd3 Re5 49. Nf6+ Kf7 50. Nd7 Rd5 51. c6 bxc6 52. bxc6
Ke7 53. Nb6 Rh5+ 54. Kg4 Rc5 55. c7 Rxc7 56. Nd5+ Kd6 57. Nxc7 Kxc7 58. Kf5 Kd7
59. g4 1-0

[Event "Ïåðâåíñòâî Ìîñêâû ïî øàõìàòàì"]
[Site "Ìîñêâà, ÌÃÈÌÎ ïð. Âåðíàäñêîãî,"]
[Date "2018.11.23"]
[Round "7.4"]
[White "Isaykin, Valery"]
[Black "Anisimov, Yuri"]
[Result "1/2-1/2"]
[WhiteElo "1417"]
[BlackElo "1607"]
[PlyCount "83"]
[EventDate "2018.11.18"]

1. e4 c5 2. Nf3 Nc6 3. d4 cxd4 4. Nxd4 g6 5. Nc3 Bg7 6. Be3 Nf6 7. Nxc6 bxc6 8.
e5 Ng8 9. Bd4 f6 10. exf6 Nxf6 11. Bc4 d5 12. Bb3 O-O 13. O-O Qd6 14. Bxf6 Bxf6
15. Nxd5 cxd5 16. Qxd5+ Kg7 17. Qxa8 Ba6 18. Qd5 Bxf1 19. Qxd6 exd6 20. Kxf1
Bxb2 21. Rd1 Ba3 22. Re1 Bc5 23. f3 h5 24. Re4 g5 25. h3 Rf4 26. Ke2 Rxe4+ 27.
fxe4 Kf6 28. Kf3 Ke5 29. Bf7 h4 30. Bd5 Bg1 31. g3 Bh2 32. gxh4 gxh4 33. Kg4
Bg3 34. c3 Be1 35. Kg5 Bf2 36. Kg4 a5 37. Kg5 Bg3 38. Kg4 Kf6 39. Kh5 Be1 40.
Kg4 Kg6 41. Be6 Bg3 42. Bd5 1/2-1/2

[Event "Ïåðâåíñòâî Ìîñêâû ïî øàõìàòàì"]
[Site "Ìîñêâà, ÌÃÈÌÎ ïð. Âåðíàäñêîãî,"]
[Date "2018.11.23"]
[Round "7.5"]
[White "Amirdzhanyan, Vladimir"]
[Black "Maranin, Sergey"]
[Result "1-0"]
[WhiteElo "1601"]
[BlackElo "1370"]
[PlyCount "53"]
[EventDate "2018.11.18"]

1. e4 c5 2. Nf3 e6 3. b3 Nc6 4. Bb2 Nf6 5. e5 Nd5 6. g3 Be7 7. Bg2 O-O 8. O-O
Qc7 9. Na3 f6 10. Re1 a6 11. Qe2 fxe5 12. Nxe5 Bf6 13. Nac4 Ncb4 14. Be4 d6 15.
a3 dxe5 16. axb4 Nxb4 17. Nxe5 g6 18. f4 Nc6 19. Bxc6 bxc6 20. Nc4 Be7 21. Qe5
Qxe5 22. Nxe5 Bb7 23. Nc4 Kf7 24. Ra5 Rad8 25. Ba3 Rd5 26. Re5 Bf6 27. Rxd5 1-0

[Event "Ïåðâåíñòâî Ìîñêâû ïî øàõìàòàì"]
[Site "Ìîñêâà, ÌÃÈÌÎ ïð. Âåðíàäñêîãî,"]
[Date "2018.11.23"]
[Round "7.6"]
[White "Israfilov, Ali"]
[Black "Urivskiy, Arseniy A"]
[Result "1-0"]
[WhiteElo "1904"]
[BlackElo "1234"]
[PlyCount "117"]
[EventDate "2018.11.18"]

1. e4 e5 2. Nf3 Nc6 3. Bb5 g6 4. d4 exd4 5. c3 d3 6. Qxd3 Bg7 7. O-O Nge7 8.
Bf4 O-O 9. Rd1 d6 10. Nbd2 a6 11. Ba4 Be6 12. Nf1 f5 13. Ng5 fxe4 14. Qxe4 Bf5
15. Qe2 h6 16. Bb3+ d5 17. Ne6 Bxe6 18. Qxe6+ Kh7 19. Bg3 Rf6 20. Qh3 Na5 21.
Bh4 Nxb3 22. axb3 Rd6 23. Re1 Bf6 24. Bg3 Rd7 25. Ne3 Bg5 26. Qe6 Ng8 27. f4
Bf6 28. f5 g5 29. Ng4 Kg7 30. Rad1 c6 31. Nxf6 Nxf6 32. c4 Qb6+ 33. Qe3 Qxe3+
34. Rxe3 d4 35. Re6 Rf8 36. Be5 c5 37. b4 cxb4 38. Rxd4 Rxd4 39. Bxd4 Rf7 40.
Kf2 h5 41. Kf3 b3 42. Ke3 h4 43. h3 Rf8 44. Kd3 Rf7 45. Kc3 Rf8 46. Kxb3 Rf7
47. Kb4 Rf8 48. Kc5 Rf7 49. Kb6 Rf8 50. Rxf6 Rxf6+ 51. Kxb7 a5 52. c5 a4 53. c6
a3 54. bxa3 Kf7 55. c7 Rd6 56. Bb6 Rd7 57. a4 Kf6 58. a5 Kxf5 59. a6 1-0

[Event "Ïåðâåíñòâî Ìîñêâû ïî øàõìàòàì"]
[Site "Ìîñêâà, ÌÃÈÌÎ ïð. Âåðíàäñêîãî,"]
[Date "2018.11.23"]
[Round "7.7"]
[White "Andreev, Konstantin"]
[Black "Kalashnikov, Mikhail"]
[Result "1-0"]
[WhiteElo "1589"]
[BlackElo "1252"]
[PlyCount "131"]
[EventDate "2018.11.18"]

1. e4 c5 2. Nf3 d6 3. d4 cxd4 4. Nxd4 Nf6 5. Nc3 a6 6. Be2 e6 7. O-O Be7 8. Be3
O-O 9. f4 b5 10. Bf3 e5 11. Nf5 b4 12. Nd5 Nxd5 13. Qxd5 Bxf5 14. Qxa8 exf4 15.
Ba7 Bd7 16. Bxb8 Qb6+ 17. Kh1 Rxb8 18. Qd5 Be6 19. Qd2 Qe3 20. Rad1 g5 21. h3
Rb5 22. a4 bxa3 23. bxa3 Rb2 24. Rf2 Qxa3 25. Be2 Qa4 26. Bd3 Bd8 27. Qc3 Ra2
28. Rb1 Qa5 29. Qxa5 Bxa5 30. Bxa6 Ra4 31. Bd3 Bc4 32. Bxc4 Rxc4 33. Rb5 Rc5
34. Rxc5 dxc5 35. Rf3 Kg7 36. Rd3 Bb4 37. c3 Ba3 38. Kg1 h5 39. Kf2 Bb2 40. c4
g4 41. hxg4 hxg4 42. Rd5 Kf6 43. Ke2 Bd4 44. Rf5+ Ke6 45. Rxf4 g3 46. Rf5 f6
47. Rd5 Bg1 48. Kd3 Bf2 49. Kc3 Be3 50. Kb3 Bf2 51. Ka4 Be3 52. Kb5 Bf2 53. Kc6
Bd4 54. Rxc5 Bxc5 55. Kxc5 Ke5 56. Kb6 Kxe4 57. c5 f5 58. c6 f4 59. c7 f3 60.
gxf3+ Kxf3 61. c8=Q g2 62. Qc1 Kf2 63. Qd2+ Kg3 64. Qe3+ Kh2 65. Qf2 Kh3 66.
Qg1 1-0

[Event "Ïåðâåíñòâî Ìîñêâû ïî øàõìàòàì"]
[Site "Ìîñêâà, ÌÃÈÌÎ ïð. Âåðíàäñêîãî,"]
[Date "2018.11.23"]
[Round "7.8"]
[White "Kropachev, Mikhail"]
[Black "Sepiashvili, Ivan"]
[Result "1-0"]
[WhiteElo "1332"]
[BlackElo "1636"]
[PlyCount "111"]
[EventDate "2018.11.18"]

1. e4 e5 2. Nf3 Nc6 3. Bb5 a6 4. Ba4 Nf6 5. d3 b5 6. Bb3 Be7 7. O-O O-O 8. Nc3
d6 9. Be3 Na5 10. Nd5 c5 11. Nxf6+ Bxf6 12. Bd5 Rb8 13. Qd2 Bg4 14. Ne1 Kh8 15.
f4 exf4 16. Bxf4 Bxb2 17. Rb1 Bd4+ 18. Kh1 b4 19. Nf3 Bf6 20. Ng5 Bh5 21. Qe3
Qd7 22. Qg3 Rbd8 23. Nf3 Rfe8 24. Nh4 Bg4 25. Nf3 Be6 26. Bxe6 Qxe6 27. Ng5
Bxg5 28. Bxg5 f6 29. Bf4 Nc6 30. Rb2 Nd4 31. Be3 Nb5 32. Bd2 a5 33. a4 Na3 34.
c3 Qd7 35. cxb4 cxb4 36. Bf4 Re6 37. Rc1 Rc8 38. Ra1 g5 39. Be3 Qxa4 40. Bd4
Qd7 41. Qxg5 Qd8 42. Rf1 Rc6 43. Rbf2 Nc2 44. Bxf6+ Rxf6 45. Rxf6 Rc8 46. Qd2
b3 47. Rf8+ Qxf8 48. Rxf8+ Rxf8 49. Qc3+ Kg8 50. Qxb3+ Kg7 51. h3 Nb4 52. Qc4
Rf7 53. d4 d5 54. exd5 Rd7 55. d6 Kf6 56. Qb5 1-0

[Event "Ïåðâåíñòâî Ìîñêâû ïî øàõìàòàì"]
[Site "Ìîñêâà, ÌÃÈÌÎ ïð. Âåðíàäñêîãî,"]
[Date "2018.11.23"]
[Round "7.9"]
[White "Kishiev, Famil"]
[Black "Shadyev, Damir"]
[Result "1-0"]
[WhiteElo "1313"]
[BlackElo "1250"]
[PlyCount "117"]
[EventDate "2018.11.18"]

1. e4 c5 2. Nc3 Nc6 3. Nf3 d6 4. Bc4 a6 5. a4 e6 6. d3 Be7 7. Bd2 Nf6 8. Qe2
Qc7 9. h3 Nd7 10. O-O Nde5 11. Nxe5 Nxe5 12. f4 Nc6 13. Qf2 Bf6 14. Kh1 O-O 15.
f5 Nd4 16. Be3 Nc6 17. Qg3 Kh8 18. Bf4 Rd8 19. fxe6 Bxe6 20. Bd5 Be5 21. Rf2
Bxf4 22. Rxf4 Ne5 23. Raf1 Qe7 24. b3 Rab8 25. Bc4 Nxc4 26. dxc4 Rf8 27. Nd5
Bxd5 28. exd5 Rbc8 29. Re1 Qd7 30. Rfe4 Qd8 31. Re7 Rc7 32. Qh4 Kg8 33. Qe4 h6
34. Re8 Qxe8 35. Qxe8 Rxe8 36. Rxe8+ Kh7 37. Rd8 Kg6 38. Rxd6+ Kf5 39. Rd8 Kf6
40. Re8 Rd7 41. c3 a5 42. Rc8 Rd6 43. Rxc5 Rb6 44. Rb5 Rxb5 45. cxb5 Ke5 46. c4
Kd6 47. Kg1 b6 48. Kf2 Kc5 49. Ke3 Kd6 50. Kd4 f5 51. h4 g5 52. hxg5 hxg5 53.
Ke3 Ke5 54. g3 Kd6 55. Kd4 g4 56. Kd3 Ke5 57. Ke3 Kd6 58. Kf4 Kc5 59. Kxf5 1-0

[Event "Ïåðâåíñòâî Ìîñêâû ïî øàõìàòàì"]
[Site "Ìîñêâà, ÌÃÈÌÎ ïð. Âåðíàäñêîãî,"]
[Date "2018.11.23"]
[Round "7.10"]
[White "Sokolov, Egor"]
[Black "Savichev, Ivan"]
[Result "0-1"]
[WhiteElo "1429"]
[BlackElo "1453"]
[PlyCount "116"]
[EventDate "2018.11.18"]

1. e4 c5 2. Nf3 Nc6 3. Bb5 Nd4 4. Nxd4 cxd4 5. d3 g6 6. O-O Bg7 7. f4 a6 8. Bc4
d6 9. Nd2 e6 10. Nf3 Ne7 11. e5 Nc6 12. Qe2 O-O 13. Re1 b5 14. Bb3 Bb7 15. a4
b4 16. exd6 Qxd6 17. Ne5 Rae8 18. Bd2 Re7 19. h4 h5 20. g4 Nxe5 21. fxe5 Qc6
22. Qe4 Qxe4 23. dxe4 a5 24. gxh5 Bxe5 25. hxg6 fxg6 26. Bg5 Bf6 27. Rad1 Kg7
28. Kg2 e5 29. Kg3 Bxg5 30. hxg5 Rf4 31. Bd5 Bxd5 32. exd5 Rf5 33. Kg4 Rd7 34.
Rf1 Rxf1 35. Rxf1 Rxd5 36. Rf6 Rc5 37. Rf2 e4 38. Re2 e3 39. Kf4 Rd5 40. Ke4
Rd8 41. Kd3 Kf7 42. Rg2 Ke6 43. Rg4 Rd5 44. Rg2 Re5 45. Ke2 Rf5 46. Rg4 Rf2+
47. Kd1 Rd2+ 48. Kc1 Kf5 49. Rg1 Kf4 50. b3 Kf3 51. Rf1+ Rf2 52. Rd1 Ke4 53.
Rh1 Rg2 54. Rh4+ Ke5 55. Kd1 Rxg5 56. Ke2 Rg2+ 57. Kd3 Rd2+ 58. Kc4 Rxc2+ 0-1

[Event "Ïåðâåíñòâî Ìîñêâû ïî øàõìàòàì"]
[Site "Ìîñêâà, ÌÃÈÌÎ ïð. Âåðíàäñêîãî,"]
[Date "2018.11.23"]
[Round "7.11"]
[White "Matygin, Fedor"]
[Black "Tarasov, Lev"]
[Result "1/2-1/2"]
[WhiteElo "1242"]
[BlackElo "1323"]
[PlyCount "80"]
[EventDate "2018.11.18"]

1. e4 c5 2. Nc3 e6 3. Bc4 d6 4. f4 Nc6 5. Nf3 Nf6 6. d3 Be7 7. O-O O-O 8. Qe1
a6 9. a3 b5 10. Ba2 Bb7 11. Be3 d5 12. e5 Nd7 13. Bd2 Qb6 14. Kh1 Rfd8 15. Qg3
Bf8 16. f5 exf5 17. Bxd5 Ne7 18. Bxb7 Qxb7 19. Rae1 Nd5 20. Nh4 Nxc3 21. bxc3
Qc6 22. Nxf5 Qg6 23. Re3 Qxg3 24. Rxg3 Nxe5 25. Nh6+ Kh8 26. Nxf7+ Nxf7 27.
Rxf7 Re8 28. Rgf3 Kg8 29. Rf2 Re2 30. Rxe2 Kxf7 31. g3 Rc8 32. Re4 c4 33. dxc4
Rxc4 34. Rxc4 bxc4 35. a4 Ke6 36. Be3 Kd5 37. Kg2 Ke4 38. Bd4 g6 39. Kf2 Be7
40. Ke2 Bd6 1/2-1/2

[Event "Ïåðâåíñòâî Ìîñêâû ïî øàõìàòàì"]
[Site "Ìîñêâà, ÌÃÈÌÎ ïð. Âåðíàäñêîãî,"]
[Date "2018.11.23"]
[Round "7.12"]
[White "Safinov, Artem"]
[Black "Dneprov, Andrey"]
[Result "1/2-1/2"]
[WhiteElo "1452"]
[BlackElo "1344"]
[PlyCount "105"]
[EventDate "2018.11.18"]

1. d4 Nf6 2. c4 e6 3. Nc3 Bb4 4. Qc2 d5 5. Nf3 c5 6. Bg5 O-O 7. e3 Nc6 8. dxc5
Bxc5 9. Be2 dxc4 10. Bxc4 a6 11. O-O Nb4 12. Qb3 b5 13. Be2 Bb7 14. Rfd1 Qe7
15. Rac1 Rac8 16. a3 Nbd5 17. Ne4 Rfd8 18. Nxc5 Rxc5 19. Rxc5 Qxc5 20. Bxf6
gxf6 21. e4 Rc8 22. exd5 Bxd5 23. Qe3 Qc2 24. Nd4 Qxb2 25. Qg3+ Kh8 26. Qh4 Kg7
27. Qg3+ Kh8 28. h3 Rg8 29. Qf4 Rxg2+ 30. Kf1 Rg6 31. Bf3 Bc4+ 32. Ne2 Qxa3 33.
Rd8+ Kg7 34. Qd6 Qc1+ 35. Qd1 Qg5 36. Ke1 Qe5 37. Qd4 Rg1+ 38. Kd2 Qxd4+ 39.
Rxd4 Ra1 40. Nc3 f5 41. Be2 e5 42. Rd6 Be6 43. Nd1 Ra2+ 44. Ke1 f4 45. h4 e4
46. f3 e3 47. Rd4 Ra4 48. Rd6 Kh6 49. Nb2 Ra1+ 50. Bd1 Kh5 51. Nd3 Kxh4 52.
Nxf4 Bc4 53. Ng2+ 1/2-1/2

[Event "Ïåðâåíñòâî Ìîñêâû ïî øàõìàòàì"]
[Site "Ìîñêâà, ÌÃÈÌÎ ïð. Âåðíàäñêîãî,"]
[Date "2018.11.23"]
[Round "7.13"]
[White "Yusupov, Ilya"]
[Black "Azimov, Timur"]
[Result "1-0"]
[WhiteElo "1461"]
[BlackElo "1408"]
[PlyCount "115"]
[EventDate "2018.11.18"]

1. d4 g6 2. c4 Bg7 3. Nc3 d6 4. e4 Nf6 5. f3 O-O 6. Be3 c5 7. Nge2 Nc6 8. Qd2
a6 9. Rc1 Qc7 10. d5 Ne5 11. Ng3 e6 12. h3 exd5 13. cxd5 b5 14. f4 Ned7 15. Bd3
Nb6 16. O-O Re8 17. b4 c4 18. Bb1 Bd7 19. Qf2 Rab8 20. Rfd1 Qb7 21. Nf1 h6 22.
Nh2 Nh7 23. Bd4 Bxd4 24. Qxd4 Qc7 25. Nf3 Nc8 26. Kh1 Ne7 27. Re1 Rbd8 28. Rcd1
Bc8 29. Qf2 Nf6 30. Qh4 Kh7 31. Qf2 Kg8 32. Bc2 Qb8 33. Rd2 Nh5 34. Nd4 Nf6 35.
Bd1 Qc7 36. Bf3 Bb7 37. Qg3 Kh7 38. Nc2 Ba8 39. Ne3 a5 40. a3 axb4 41. axb4 Nd7
42. Nc2 Rb8 43. Nd4 Nc8 44. Ndxb5 Qb6 45. Bg4 Nf8 46. Be2 Bb7 47. Bxc4 Ba6 48.
Qd3 Bxb5 49. Bxb5 Re7 50. Bc6 Na7 51. b5 Nd7 52. Rb2 Nc5 53. Qd2 Nxc6 54. dxc6
Qd8 55. Rb4 Qe8 56. Nd5 Re6 57. Nc7 Nxe4 58. Rbxe4 1-0

[Event "Ïåðâåíñòâî Ìîñêâû ïî øàõìàòàì"]
[Site "Ìîñêâà, ÌÃÈÌÎ ïð. Âåðíàäñêîãî,"]
[Date "2018.11.23"]
[Round "7.14"]
[White "Zatsepin, Egor"]
[Black "Avetisyan, David"]
[Result "0-1"]
[WhiteElo "1191"]
[BlackElo "1254"]
[PlyCount "156"]
[EventDate "2018.11.18"]

1. e4 e6 2. d4 d5 3. Nd2 dxe4 4. Nxe4 Bd7 5. Nf3 Bc6 6. Bd3 Nd7 7. Bf4 Ngf6 8.
Nxf6+ Nxf6 9. O-O Be7 10. Re1 O-O 11. Ne5 Qe8 12. c4 Rd8 13. Bc2 Bd6 14. Qd3 g6
15. Bg5 Bxe5 16. Rxe5 Ng4 17. Ree1 f6 18. Bd2 f5 19. Qc3 Nf6 20. d5 Bd7 21. Re2
Qf7 22. Rae1 Rfe8 23. Bg5 Kg7 24. Ba4 Bxa4 25. Rxe6 Rxe6 26. dxe6 Qe7 27. b4
Be8 28. Be3 b6 29. Bd4 Rd6 30. Qe3 h6 31. h3 g5 32. b5 Rd8 33. Rd1 Bg6 34. Qe5
Re8 35. Bxb6 cxb6 36. Rd7 Qxd7 37. exd7 Rxe5 38. d8=Q Kf7 39. Qd4 Rc5 40. a4 f4
41. a5 Ke7 42. g3 fxg3 43. fxg3 Bf5 44. Qe3+ Be6 45. g4 Kf7 46. Qf3 Rc7 47.
axb6 axb6 48. Qe3 Nd7 49. h4 Rxc4 50. hxg5 Rxg4+ 51. Kf2 hxg5 52. Ke2 Bc4+ 53.
Kd2 Bxb5 54. Qf3+ Rf4 55. Qd5+ Kf6 56. Qxb5 Ne5 57. Qxb6+ Kf5 58. Qb1+ Re4 59.
Qf1+ Kg4 60. Qg2+ Kf5 61. Qh3+ g4 62. Qf1+ Nf3+ 63. Kd3 Re1 64. Qf2 Kf4 65. Qa7
Kg3 66. Qc7+ Kh3 67. Qh7+ Kg2 68. Qg8 g3 69. Qa2+ Kh1 70. Qb2 g2 71. Qh8+ Kg1
72. Qh3 Kf2 73. Qh7 g1=Q 74. Qa7+ Kf1 75. Qf7 Qe3+ 76. Kc2 Re2+ 77. Kb1 Qd3+
78. Ka1 Qd1# 0-1

[Event "Ïåðâåíñòâî Ìîñêâû ïî øàõìàòàì"]
[Site "Ìîñêâà, ÌÃÈÌÎ ïð. Âåðíàäñêîãî,"]
[Date "2018.11.23"]
[Round "7.15"]
[White "Voronin, Nikita"]
[Black "Korolev, Nikolay"]
[Result "0-1"]
[WhiteElo "1358"]
[BlackElo "1639"]
[PlyCount "66"]
[EventDate "2018.11.18"]

1. d4 d5 2. c4 e6 3. Nc3 c6 4. Nf3 Nf6 5. g3 Nbd7 6. Bg2 Be7 7. O-O b6 8. Nd2
O-O 9. e4 dxe4 10. Ndxe4 Bb7 11. Bf4 Nxe4 12. Nxe4 Nf6 13. Qd3 Qd7 14. Rfd1
Rfd8 15. Qc2 Rac8 16. c5 Nd5 17. Bd6 h6 18. Bxe7 Qxe7 19. Nd6 Rb8 20. Bxd5 exd5
21. Re1 Qf6 22. Re5 Bc8 23. Rae1 Bh3 24. R1e3 bxc5 25. Nb7 Rf8 26. Qxc5 Qg6 27.
Qa3 f6 28. Re7 Rxb7 29. f4 Rxe7 30. Rxe7 Qb1+ 31. Kf2 Qf1+ 32. Ke3 Qe1+ 33. Kd3
Bf5+ 0-1

[Event "Ïåðâåíñòâî Ìîñêâû ïî øàõìàòàì"]
[Site "Ìîñêâà, ÌÃÈÌÎ ïð. Âåðíàäñêîãî,"]
[Date "2018.11.23"]
[Round "7.17"]
[White "Mishin, Matvey"]
[Black "Razhbadinov, Rasul"]
[Result "0-1"]
[WhiteElo "1319"]
[BlackElo "1529"]
[PlyCount "60"]
[EventDate "2018.11.18"]

1. e4 e5 2. Nf3 Nc6 3. Bc4 Bc5 4. c3 Nf6 5. d3 O-O 6. O-O d6 7. Bb3 a6 8. Re1
Ba7 9. Nbd2 Ne7 10. Nf1 Ng6 11. Be3 Bxe3 12. Nxe3 c6 13. h3 d5 14. exd5 cxd5
15. d4 e4 16. Nh2 b5 17. Nhg4 Nxg4 18. Nxg4 f5 19. Ne5 Nf4 20. Kh2 Be6 21. g3
Ng6 22. Nxg6 hxg6 23. Rg1 Kf7 24. f3 Rh8 25. fxe4 fxe4 26. Qf1+ Kg8 27. g4 Qd6+
28. Kh1 Rf8 29. Qe2 Rxh3+ 30. Kg2 Rh2# 0-1

[Event "Ïåðâåíñòâî Ìîñêâû ïî øàõìàòàì"]
[Site "Ìîñêâà, ÌÃÈÌÎ ïð. Âåðíàäñêîãî,"]
[Date "2018.11.23"]
[Round "7.18"]
[White "Kolobov, Dmitriy"]
[Black "Grunin, Denis"]
[Result "0-1"]
[WhiteElo "1484"]
[BlackElo "1415"]
[PlyCount "116"]
[EventDate "2018.11.18"]

1. d4 d5 2. c4 c6 3. Nc3 Nf6 4. cxd5 cxd5 5. Bf4 Nc6 6. e3 a6 7. Bd3 Bg4 8.
Nge2 e6 9. O-O Be7 10. Qb3 Qd7 11. Rac1 O-O 12. a3 Nh5 13. f3 Nxf4 14. Nxf4 e5
15. Nfxd5 Be6 16. Nxe7+ Nxe7 17. Qb6 Rfd8 18. Be4 f5 19. Bb1 exd4 20. Rfd1 Qd6
21. Qxb7 Rdb8 22. Rxd4 Qe5 23. Qxe7 Qxe3+ 24. Kh1 Qxc1+ 25. Rd1 Qe3 26. Bxf5
Re8 27. Bxe6+ Qxe6 28. Qxe6+ Rxe6 29. Ne4 Rb8 30. b4 a5 31. bxa5 Ra6 32. Kg1
Rxa5 33. Rd3 Rba8 34. Kf2 Rxa3 35. Rd2 Ra2 36. Ke3 R8a3+ 37. Ke2 Kf7 38. Ng5+
Kg6 39. Ne4 Kf5 40. Nd6+ Ke6 41. Ne4 Ke5 42. g3 Rxd2+ 43. Nxd2 Kd4 44. h4 Re3+
45. Kf2 Kd3 46. Ne4 Re2+ 47. Kg1 Ke3 48. Ng5 h6 49. Ne6 Ra2 50. Nxg7 Kxf3 51.
Nf5 h5 52. Ng7 Kg4 53. Kf1 Ra5 54. Kg2 Ra3 55. Kf2 Rf3+ 56. Kg2 Re3 57. Kf2 Re7
58. Nxh5 Kxh5 0-1